| 000 | 01054nam a22001817a 4500 | ||
|---|---|---|---|
| 999 |
_c64041 _d64041 |
||
| 003 | Ge_BSU | ||
| 005 | 20260313171727.0 | ||
| 008 | 260313s1955 ge ||||| |||| 00| 0 geo d | ||
| 041 | _ageo | ||
| 080 | _a911.3:33(072) ლ-81 | ||
| 100 |
_aლომინაძე, მ. _927137 |
||
| 245 |
_aთვალსაჩინო ხელსაწყოების გამოყენება ეკონომიური გეოგრაფიის სწავლებაში / _cსაქ. სსრ განათლ. სამინისტრო. პედაგოგ. მეცნ. სამეცნ.-საკვლ. ინ-ტი. |
||
| 264 |
_aთბ. : _bინ-ტის გამ-ბა, _c1955. |
||
| 300 |
_a68გვ. : _b ნახ. ; _c22სმ. |
||
| 504 | _aბიბლიოგრ. შენიშვნებში. | ||
| 653 | _aთვალსაჩინო ხელსაწყოები ეკონომიური გეოგრაფიის სწავლებაში | ||
| 942 |
_2udc _cᲬᲘᲒᲜᲘ |
||